UITU Library & LRC     

Data structures and algorithms in Java (Record no. 18171)

MARC details
000 -LEADER
fixed length control field 00623nam a2200217Ia 4500
003 - CONTROL NUMBER IDENTIFIER
control field OSt
005 - DATE AND TIME OF LATEST TRANSACTION
control field 20241023105921.0
008 - FIXED-LENGTH DATA ELEMENTS--GENERAL INFORMATION
fixed length control field 240925s9999 xx 000 0 und d
020 ## - INTERNATIONAL STANDARD BOOK NUMBER
International Standard Book Number 9781118771334 (paperback) 1118771338 (paperback)
040 ## - CATALOGING SOURCE
Transcribing agency sd
082 ## - DEWEY DECIMAL CLASSIFICATION NUMBER
Classification number 005.73 GOO
100 ## - MAIN ENTRY--PERSONAL NAME
Personal name Goodrich, Michael T.,
245 #0 - TITLE STATEMENT
Title Data structures and algorithms in Java
250 ## - EDITION STATEMENT
Edition statement Sixth edition.
260 ## - PUBLICATION, DISTRIBUTION, ETC.
Place of publication, distribution, etc. United States:
Name of publisher, distributor, etc. John Wiley + sons
Date of publication, distribution, etc. NA
300 ## - PHYSICAL DESCRIPTION
Extent 930p.
Other physical details NA
Type of unit NA
500 ## - GENERAL NOTE
General note Includes Index
600 ## - SUBJECT ADDED ENTRY--PERSONAL NAME
Personal name Computer Science
650 ## - SUBJECT ADDED ENTRY--TOPICAL TERM
Topical term or geographic name entry element Computer science, information & general works
942 ## - ADDED ENTRY ELEMENTS (KOHA)
Koha item type Books
Source of classification or shelving scheme Dewey Decimal Classification
Holdings
Withdrawn status Lost status Damaged status Not for loan Collection Home library Current library Date acquired Source of acquisition Cost, normal purchase price Total checkouts Full call number Barcode Date due Date last seen Date last checked out Price effective from Koha item type
        Computer Science UITU Library UITU Library 02/28/2023 A. R. Book Company 6000.00 1 005.73 GOO Q15672 05/08/2026 10/30/2025 10/30/2025   Books

Powered by Koha